Loading...

Women, politics, and American society /

For courses in Women and Politics or Women's Studies Social Sciences in departments of Political Science and Women's Studies. This is the first text to provide a comprehensive exploration of the efforts, the achievements, as well as the set backs involved in the "movements" towa...

Full description

Bibliographic Details
Main Author: McGlen, Nancy E.
Other Authors: O'Connor, Karen
Format: Printed Book
Language:English
Published: Englewood Cliffs, N.J. : Prentice Hall, 1995.
Subjects:
LEADER 01551nam a2200241Ia 4500
008 940504s1995 nju b 001 0 eng
999 |c 177737  |d 177737 
020 |a 9780136390978 
039 |a (OCoLC)30510804 
082 0 0 |a 305.420973  |2 20 
100 1 |a McGlen, Nancy E., 
245 1 0 |a Women, politics, and American society /  |c Nancy E. McGlen, Karen O'Connor. 
260 |a Englewood Cliffs, N.J. :  |b Prentice Hall,  |c 1995. 
300 |a viii, 328 p. ;  |c 24 cm. 
504 |a Includes bibliographical references and index. 
520 |a For courses in Women and Politics or Women's Studies Social Sciences in departments of Political Science and Women's Studies. This is the first text to provide a comprehensive exploration of the efforts, the achievements, as well as the set backs involved in the "movements" toward equality for American women. It utilizes a historical approach to guide the reader through three highly active periods, (the early woman's movement, the suffrage movement, and the women's rights movement) that contributed to the political, economic, and social equality women have gained since the late nineteenth century and what they strive for today and for future American women. 
650 0 |a Women's rights  |z United States. 
650 0 |a Women  |x Political activity  |z United States. 
700 1 |a O'Connor, Karen, 
942 |c BK 
263 |a 9408. 
907 |a .b18787022 
952 |0 0  |1 0  |4 0  |6 305_420973000000000_MCG_W  |7 0  |9 197006  |a WMS  |b WMS  |c ST1  |d 2012-10-22  |g 0.00  |i 143  |l 1  |o 305.420973 MCG/W  |p WMS143  |r 2019-07-25  |s 2019-07-16  |w 2012-10-22  |y BK